|
|
|
|
| LEADER |
00000cam a2200000 a 4500 |
| 001 |
1/122637 |
| 008 |
210204s2013####gr | ||| |||| ||gre|| |
| 020 |
|
|
|a 9789600806076
|
| 040 |
|
|
|a GR-MyUa
|b gre
|c GR-MyUa
|e AACR2
|
| 041 |
0 |
|
|a gre
|
| 082 |
7 |
|
|a 374
|2 (23)
|
| 100 |
1 |
|
|a Καψάλης, Αχιλλέας Γ.
|
| 245 |
1 |
0 |
|a Εκπαίδευση ενηλίκων :
|b γενικά εισαγωγικά θέματα /
|c Αχιλλέας Καψάλης, Αδαμάντιος Παπασταμάτης.
|
| 260 |
|
|
|a Αθήνα :
|b Σιδέρης,
|c 2013.
|
| 300 |
|
|
|a 291 σ. :
|b πίν. ;
|c 24 εκ.
|
| 504 |
|
|
|a Βιβλιογραφία: σ. 283-291.
|
| 650 |
|
0 |
|a Adult education.
|
| 650 |
|
0 |
|a Adult education
|z Greece.
|
| 650 |
|
0 |
|a Adult learning.
|
| 700 |
1 |
|
|a Παπασταμάτης, Αδαμάντιος Ι.
|
| 852 |
|
|
|a INST
|b RHODES
|c EUDOXUS
|e 20210204
|h 374 ΚΑΨ
|p 005400041922
|q 005400041922
|t EDX
|y 0
|
| 920 |
|
|
|a Εύδοξος
|b Παραγγελία
|y Ρόδος-ΤΕΠΑΕΣ
|z 2021-01
|
| 970 |
|
|
|a Μαρία
|b Κωτάκου
|z 04-02-2021
|